000 00854nas a2200289 4500
001 BR2013003703
003 BR-BrBNA
005 20231205122349.0
007 ta
008 230509b bl.|||p| |||| 00| 00por d
040 _aBR-BrBNA
_bpor
_cBiblioteca Nacional de Agricultura
041 _a(Pt)
072 _aL10; L01
100 1 _aCrepaldi, G.
245 1 _aIATF - melhoramento genético em larga escala
650 _aMELHORAMENTO GENÉTICO ANIMAL
650 _aGADO DE CORTE
650 _aPRODUÇÃO DE CARNE
650 _aINSEMINAÇÃO ARTIFICIAL
650 _aREPRODUTOR
650 _aFÊMEA
650 _aCICLO ESTRAL
650 _aBEZERRO DE CORTE
773 0 _tRevista do Produtor Rural (Brazil)
_xISSN 1984-0004
_g(Nov-Dec 2012), v. 6(34) p. 19
_wBR2013003703
909 _a202311
_bLúcia
_c55
_dLúcia Elande
942 _2AGRIS
_n0
_cANA
999 _c228273
_d228273